| 000 | 00942nam a2200349 a 4500 | ||
|---|---|---|---|
| 003 | AR-BaBNM | ||
| 005 | 20251128204208.0 | ||
| 008 | 082120s2002 ||||||||||||||000 | spa|| | ||
| 020 | _a950-852-032-9 | ||
| 040 | _cAR-BaBNM | ||
| 100 | 1 | _aLezama Lima, José | |
| 245 | 0 | 0 | _aSucesivas y coordenadas |
| 260 |
_aBuenos Aires _bEspasa-Calpe _c1993 |
||
| 300 | _a216 p. | ||
| 490 | 0 | _aAustral. Biblioteca de literatura hispanoamericana | |
| 500 | _aEdición de Susana Cella | ||
| 600 | 1 | 4 | _aCortázar, Julio |
| 600 | 1 | 4 | _aVigon, Ricardo |
| 600 | 1 | 4 | _aVitier, Cintio |
| 600 | 1 | 4 | _aValente, José Angel |
| 650 | 4 | _aLITERATURA LATINOAMERICANA | |
| 650 | 4 | _aENSAYO | |
| 650 | 4 | _aPOESIA | |
| 653 | _aLITERATURA CUBANA | ||
| 653 | _aBARROCO | ||
| 653 | _aVANGUARDIAS LITERARIAS | ||
| 655 | _aLITERATURA | ||
| 700 | 1 |
_aCella, Susana _eprologuista |
|
| 800 | 1 |
_aIbarlucía, Ricardo _edirector |
|
| 942 | _cBK | ||
| 998 | _cCarmen | ||
| 999 |
_c6553 _d6553 |
||